000
00281nam a22001217a 4500
008
181106b xxu||||| |||| 00| 0 eng d
041
_a
eng
080
_a
575
100
_a
6
101
_a
BIO
245
_a
The Biochemistry Of Clincal Medicine
_c
Hoffmaan.W.S
942
_2
udc
_c
BK
999
_c
52035
_d
52035